000 01012cam a2200289 4500
001 ##L130186
008 050630n2005 000 0 eng u
020 _a1405702079
035 _a(Sirsi) u130186
041 0 _aeng
050 0 4 _a346.41043 $2 18
245 0 0 _aButterworths property law handbook
250 _a6th ed.
260 _aLondon
_bLexisNexis Butterworths
_c2005
300 _aix, 1369p.
_c25cm.
350 _a65
520 _aThis classic reference text sets out the statutory materials relating to property in England and Wales and has been updated to include the full text of the 10 new statutory instruments relating to registered land and the one relating to commonhold.
590 _aIKA140206
650 2 4 _aCOMMONHOLD REGULATIONS 2004
650 2 4 _aHOUSING ACT 2004 PART V
650 2 4 _aANTI-SOCIAL BEHAVIOUR ACT 2003
650 2 4 _aLAND REGISTRATION ACT 1925
650 2 4 _aLAND REGISTRATION ACT 2002
690 _aPROPERTY
700 _aScamell, E.
_eEditor
942 _n0
999 _c104386
_d104386